000
00276nam a22001097a 4500
999
_c
259462
_d
259461
008
220928b xxu||||| |||| 00| 0 eng d
020
_a
9780062366979
050
_b
20190370
100
_a
Erin Hunter
245
_a
Warriors
260
_a
New York
_b
Harper collins Publishers
_c
2003